000 00508nam a2200181Ia 4500
999 _c14902
_d14902
003 OSt
005 20201112101525.0
008 190216s9999||||xx |||||||||||||| ||und||
020 _a9780195623710
040 _coclc
082 _a410
_bVER/M
100 _aVerma, S K
_95060
245 0 _aModern Linguistics An Introduction /
_cS K Verma
260 _bOxford University Press,
_c2015.
_aNew delhi:
300 _a380p
650 _aEnglish
942 _cBK
_2ddc
_h410
_iVER/M
_k410
_mVER/M